<?xml version="1.0" encoding="UTF-8"?>
<collection xmlns="http://www.loc.gov/MARC21/slim">
 <record>
  <leader>00435cam a2200133 7i4500</leader>
  <controlfield tag="001">0000013180</controlfield>
  <controlfield tag="005">20191009090000.0</controlfield>
  <datafield tag="020" ind1="0" ind2="0">
   <subfield code="a">0671025538 </subfield>
  </datafield>
  <datafield tag="090" ind1="0" ind2="0">
   <subfield code="a">VK1255.T6 </subfield>
   <subfield code="b">TIT 1998</subfield>
  </datafield>
  <datafield tag="245" ind1="1" ind2="4">
   <subfield code="a">The TITANIC disaster hearings : </subfield>
   <subfield code="b">the official transcripts of the 1912 senate investigation  </subfield>
   <subfield code="c">edited and with introduction by Tom Kuntz.</subfield>
  </datafield>
  <datafield tag="260" ind1="0" ind2="0">
   <subfield code="a">New York: </subfield>
   <subfield code="b">Pocket Books, </subfield>
   <subfield code="c">1998.</subfield>
  </datafield>
  <datafield tag="300" ind1=" " ind2=" ">
   <subfield code="a">571 p.: </subfield>
   <subfield code="b">17 cm.</subfield>
  </datafield>
  <datafield tag="650" ind1="0" ind2="0">
   <subfield code="a">Fiction </subfield>
  </datafield>
  <datafield tag="700" ind1="1" ind2="0">
   <subfield code="a">Kuntz, </subfield>
   <subfield code="h">Tom </subfield>
  </datafield>
 </record>
</collection>
